00581nam a2200145Ia 4500003000900000005001700009008004100026040002800067110006300095245010300158260008000261300004600341504002400387650002400411DO-SdBJH20180416175856.0180414s9999 dr 000 0 spa d aDO-SdBJHbspacDO-SdBJH aInstituto de Cooperación para la Seguridad Hemisférica10aFM 63-20 Batallón de apoyo avanzado / Instituto de Cooperación para la Seguridad Hemisférica aFuerte Benning, Georgia : Cuartel General Secretaría del Ejército, 1990 aiii, 196 páginas en varias paginaciones aIncluye apéndices 4aBatallón -- Apoyo